00918cam a2200265 a 450000100100000000500170001000800410002703500180006804000260008604200120011208200240012410000350014824500440018326000420022730000200026949000340028958600400032365000290036365000310039283000430042391000340046604900090050095201280050999900150063700001011520200929161841.0720502s1971 sp 001 0 spa  a(OCoLC)299313 aDO-SdBNPcOKentUdDLC apremarc a861.64bM973e, 19711 aMurciano, Carlosd1931-92511310aEste claro silencio /cCarlos Murciano. aMadrid :bCultura Hispánica,c1971. a73 p. ;c21 cm.1 aPoética Leopoldo Panerov16 aPremio Nacional de Literatura, 1970 4aPoesía española9631 4aLiteratura española9632 0aPoética Leopoldo Panero ;v16914647 aCatalogación por copia / LC aBNGR 001052708MOaGRbGRcCTd2009-10-03iLF1l0o861.64 M973e, 1971p10115-10r2020-06-25w2020-06-25y2ZPréstamo interno c9874d9874